[Event "Wiesbaden op 24th"]
[Site "Wiesbaden"]
[Date "2012.08.26"]
[Round "7"]
[White "Diehm, Alexander"]
[Black "Aab, Manfred"]
[Result "1-0"]
[WhiteElo "2059"]
[BlackElo "1808"]
[PlyCount "43"]
[EventDate "2012.08.23"]
[EventType "swiss"]
[EventRounds "7"]
[EventCountry "GER"]
[SourceTitle "CBM 150 Extra"]
[Source "ChessBase"]
[SourceDate "2012.10.19"]
[SourceVersion "1"]
[SourceVersionDate "2012.10.19"]
[SourceQuality "1"]

1. d4 Nf6 2. c4 g6 3. Nc3 d5 4. cxd5 Nxd5 5. Bd2 Bg7 6. e4 Nb6 7. Be3 0-0 8. Nf3 Nc6 9. Bb5 Bd7 10. Qd2 a6 11. Bxc6 Bxc6 12. b3 a5 13. Bh6 a4 14. Bxg7 Kxg7 15. 0-0 e6 16. Ne5 Be8 17. Ng4 Qh4 18. f3 Rd8 19. g3 Qh5 20. Qf4 Bc6 21. Qf6+ Kg8 22. Qxd8 1-0

[Event "Wiesbaden op 24th"]
[Site "Wiesbaden"]
[Date "2012.08.26"]
[Round "6"]
[White "Schwarz, Eduard"]
[Black "Aab, Manfred"]
[Result "1-0"]
[WhiteElo "1942"]
[BlackElo "1808"]
[PlyCount "41"]
[EventDate "2012.08.23"]
[EventType "swiss"]
[EventRounds "7"]
[EventCountry "GER"]
[SourceTitle "CBM 150 Extra"]
[Source "ChessBase"]
[SourceDate "2012.10.19"]
[SourceVersion "1"]
[SourceVersionDate "2012.10.19"]
[SourceQuality "1"]

1. d4 Nf6 2. c4 g6 3. Nc3 d5 4. g3 Bg7 5. cxd5 Nxd5 6. Bg2 Nxc3 7. bxc3 0-0 8. Rb1 c6 9. Nf3 e6 10. 0-0 Nd7 11. Ba3 Re8 12. Qb3 Qc7 13. Nd2 Nb6 14. Ne4 Rd8 15. e3 e5 16. Bc5 Nd5 17. c4 Ne7 18. d5 cxd5 19. cxd5 Nxd5 20. Rfc1 Qa5 21. Nd6 1-0

[Event "Wiesbaden op 24th"]
[Site "Wiesbaden"]
[Date "2012.08.25"]
[Round "5"]
[White "Aab, Manfred"]
[Black "Koellmer, Hans Peter"]
[Result "1-0"]
[WhiteElo "1808"]
[BlackElo "1576"]
[PlyCount "49"]
[EventDate "2012.08.23"]
[EventType "swiss"]
[EventRounds "7"]
[EventCountry "GER"]
[SourceTitle "CBM 150 Extra"]
[Source "ChessBase"]
[SourceDate "2012.10.19"]
[SourceVersion "1"]
[SourceVersionDate "2012.10.19"]
[SourceQuality "1"]

1. d4 e6 2. e4 d5 3. Nd2 c5 4. Ngf3 Nc6 5. c3 Nf6 6. exd5 exd5 7. Be2 cxd4 8. cxd4 Bd6 9. 0-0 0-0 10. a3 Re8 11. b4 a6 12. Nb3 Ne4 13. Bb2 Bg4 14. Re1 Bf4 15. Nc5 Qc7 16. g3 Bh6 17. Ne5 Bh3 18. f4 f6 19. Ng4 Bxg4 20. Bxg4 f5 21. Bxf5 g6 22. Be6+ Rxe6 23. Nxe6 Qc8 24. Nc5 Nd6 25. Qf3 1-0

[Event "Seefeld op 19th"]
[Site "Seefeld"]
[Date "2008.09.12"]
[Round "8"]
[White "Aufmwasser, Guenter"]
[Black "Aab, Manfred"]
[Result "0-1"]
[WhiteElo "1812"]
[BlackElo "1846"]
[PlyCount "82"]
[EventDate "2008.09.05"]
[EventType "swiss"]
[EventRounds "9"]
[EventCountry "AUT"]
[SourceTitle "EXT 2019"]
[Source "ChessBase"]
[SourceDate "2018.10.10"]
[SourceVersion "1"]
[SourceVersionDate "2018.10.10"]
[SourceQuality "1"]

1. f4 Nf6 2. Nf3 d5 3. e3 c5 4. b3 g6 5. Bb2 Bg7 6. Be2 0-0 7. 0-0 Nc6 8. a3 a6 9. Qe1 e6 10. d3 b5 11. Nbd2 Ng4 12. Bxg7 Kxg7 13. Bd1 Qe7 14. h3 Nf6 15. Ne5 Nxe5 16. fxe5 Nd7 17. Nf3 Bb7 18. Qg3 c4 19. d4 cxb3 20. cxb3 Rac8 21. Rf2 Rc3 22. Ng5 h6 23. Rxf7+ Rxf7 24. Nxf7 Qxf7 25. Bg4 Rc7 26. Rf1 Qe8 27. Rf6 Rc1+ 28. Rf1 Rxf1+ 29. Kxf1 a5 30. Qf4 Qf7 31. b4 a4 32. h4 Nb6 33. Be2 Nc4 34. Bxc4 bxc4 35. Qxf7+ Kxf7 36. Ke2 Ba6 37. Kd2 g5 38. h5 g4 39. g3 Ke7 40. Kc3 Bb5 41. Kc2 Kd8 0-1

[Event "Seefeld op 19th"]
[Site "Seefeld"]
[Date "2008.09.07"]
[Round "3"]
[White "Fischer, Gerd"]
[Black "Aab, Manfred"]
[Result "1/2-1/2"]
[WhiteElo "2125"]
[BlackElo "1846"]
[PlyCount "67"]
[EventDate "2008.09.05"]
[EventType "swiss"]
[EventRounds "9"]
[EventCountry "AUT"]
[SourceTitle "EXT 2010"]
[Source "ChessBase"]
[SourceDate "2010.11.25"]
[SourceVersion "1"]
[SourceVersionDate "2010.11.25"]
[SourceQuality "1"]

1. c4 Nf6 2. Nc3 d5 3. cxd5 Nxd5 4. g3 Nxc3 5. bxc3 g6 6. Bg2 Bg7 7. Nf3 0-0 8. 0-0 c5 9. Rb1 Qc7 10. c4 Nc6 11. d3 Bd7 12. Be3 b6 13. Qd2 Rab8 14. Bh6 a6 15. h4 b5 16. h5 b4 17. Qg5 f6 18. Qe3 Qb6 19. hxg6 hxg6 20. Nh4 Ne5 21. Bxg7 Kxg7 22. f4 Nc6 23. f5 g5 24. Ng6 Rfe8 25. Qf3 Nd4 26. Qh5 Nxf5 27. Rxf5 Bxf5 28. Nh4 Bh7 29. Be4 Bxe4 30. dxe4 gxh4 31. Qg4+ Kf7 32. Qh5+ Kg7 33. Qg4+ Kf7 34. Qh5+ 1/2-1/2

[Event "GER-chT Betriebe"]
[Site "Berlin"]
[Date "2006.10.08"]
[Round "7.4"]
[White "Lakic, Zivko"]
[Black "Aab, Manfred"]
[Result "0-1"]
[WhiteElo "1500"]
[BlackElo "1554"]
[PlyCount "94"]
[EventDate "2006.10.05"]
[EventType "team-tourn"]
[EventRounds "7"]
[EventCountry "GER"]
[SourceTitle "EXT 2020"]
[Source "ChessBase"]
[SourceDate "2019.10.17"]
[SourceVersion "1"]
[SourceVersionDate "2019.10.17"]
[SourceQuality "1"]
[WhiteTeam "Augsburg Osram"]
[BlackTeam "SG Stern Stuttgart"]
[WhiteTeamCountry "GER"]
[BlackTeamCountry "GER"]

1. g3 c5 2. d3 d5 3. Nf3 Nc6 4. Bg2 Nf6 5. c3 g6 6. 0-0 Bg7 7. Nbd2 0-0 8. d4 cxd4 9. cxd4 Bd7 10. Nb3 Rc8 11. Nc5 b6 12. Nxd7 Nxd7 13. Be3 Na5 14. Ne5 e6 15. Nxd7 Qxd7 16. b3 Rc6 17. Qd2 Rfc8 18. Rfc1 Qc7 19. Rxc6 Qxc6 20. Rc1 Qxc1+ 21. Qxc1 Rxc1+ 22. Bxc1 Bxd4 23. b4 Nc4 24. e4 dxe4 25. Bxe4 Nb2 26. Bf3 Nd3 27. Be3 Bxe3 28. fxe3 Nxb4 29. a3 Nc2 30. a4 Nxe3 31. Kf2 Nd5 32. Ke2 Nc3+ 33. Kd3 Nxa4 34. Kc4 a6 35. Bb7 Nc5 36. Bf3 h5 37. h4 f5 38. Kd4 Kf7 39. Ke5 a5 40. Kd6 a4 41. Be2 a3 42. Bc4 Kf6 43. Kc6 Na4 44. Kb5 Nc3+ 45. Kb4 a2 46. Bxa2 Nxa2+ 47. Kb5 e5 0-1

[Event "GER-chT Betriebe"]
[Site "Berlin"]
[Date "2006.10.06"]
[Round "3.4"]
[White "Muhamedzade, Tsejhun"]
[Black "Aab, Manfred"]
[Result "0-1"]
[WhiteElo "1436"]
[BlackElo "1554"]
[PlyCount "60"]
[EventDate "2006.10.05"]
[EventType "team-tourn"]
[EventRounds "7"]
[EventCountry "GER"]
[SourceTitle "EXT 2007"]
[Source "ChessBase"]
[SourceDate "2006.11.23"]
[SourceVersion "1"]
[SourceVersionDate "2006.11.23"]
[SourceQuality "1"]
[WhiteTeam "BSG ZIB/ACCSB"]
[BlackTeam "SG Stern Stuttgart"]
[WhiteTeamCountry "GER"]
[BlackTeamCountry "GER"]

1. d4 Nf6 2. e3 g6 3. c4 Bg7 4. Nc3 d5 5. h3 0-0 6. Nf3 b6 7. a3 Bb7 8. Rb1 Nbd7 9. b4 Re8 10. c5 e5 11. Be2 exd4 12. exd4 Ne4 13. Qc2 Qe7 14. Be3 c6 15. 0-0 bxc5 16. Bd3 Ndf6 17. Rfe1 a5 18. Bg5 Qc7 19. Nxe4 Nxe4 20. Bxe4 dxe4 21. Rxe4 h6 22. Bf4 Qd8 23. Rxe8+ Qxe8 24. Re1 Qd7 25. Qd2 g5 26. Bg3 Re8 27. Rxe8+ Qxe8 28. bxa5 Bc8 29. Qe3 Be6 30. Ne5 Qb8 0-1

[Event "Stuttgart-chB int"]
[Site "Ditzingen"]
[Date "2006.05.28"]
[Round "7"]
[White "Aab, Manfred"]
[Black "Smolny, Frieder"]
[Result "0-1"]
[WhiteElo "1553"]
[BlackElo "1736"]
[PlyCount "82"]
[EventDate "2006.05.25"]
[EventType "swiss"]
[EventRounds "7"]
[EventCountry "GER"]
[SourceTitle "EXT 2018"]
[Source "ChessBase"]
[SourceDate "2017.10.13"]
[SourceVersion "1"]
[SourceVersionDate "2017.10.13"]
[SourceQuality "1"]

1. d4 g6 2. c4 Nf6 3. Nc3 Bg7 4. e4 d6 5. f4 0-0 6. Nf3 c5 7. dxc5 Qa5 8. Bd3 Qxc5 9. Qe2 Nc6 10. Be3 Qa5 11. 0-0 Bg4 12. h3 Bxf3 13. Qxf3 Nb4 14. Qe2 Nxd3 15. Qxd3 Rac8 16. a3 Qc7 17. Nd5 Qxc4 18. Nxe7+ Kh8 19. Rad1 Qxd3 20. Rxd3 Rce8 21. Nd5 Nxe4 22. b4 a6 23. Bb6 Rc8 24. Nc7 Rfd8 25. Re1 f5 26. Ne6 Rd7 27. Nxg7 Kxg7 28. g4 Kf6 29. Red1 Rc6 30. Bc5 Nxc5 31. bxc5 Rxc5 32. Rxd6+ Rxd6 33. Rxd6+ Ke7 34. Rb6 Rb5 35. Rxb5 axb5 36. Kf2 Kd6 37. Ke3 Kc5 38. Kd3 b4 39. a4 b3 40. Kc3 b2 41. Kxb2 Kb4 0-1

[Event "Stuttgart-chB int"]
[Site "Ditzingen"]
[Date "2006.05.27"]
[Round "5"]
[White "Gheng, Hannelore"]
[Black "Aab, Manfred"]
[Result "0-1"]
[WhiteElo "1330"]
[BlackElo "1553"]
[PlyCount "100"]
[EventDate "2006.05.25"]
[EventType "swiss"]
[EventRounds "7"]
[EventCountry "GER"]
[SourceTitle "EXT 2018"]
[Source "ChessBase"]
[SourceDate "2017.10.13"]
[SourceVersion "1"]
[SourceVersionDate "2017.10.13"]
[SourceQuality "1"]

1. e4 Nf6 2. Nc3 e5 3. Bc4 Bb4 4. Nd5 Nxd5 5. Bxd5 Be7 6. Qh5 0-0 7. Qxe5 Re8 8. Qh5 g6 9. Qf3 Bf6 10. d4 c6 11. Bb3 d5 12. e5 Bf5 13. Ne2 Bg7 14. 0-0 Nd7 15. Ng3 Be6 16. Qe3 f5 17. Qg5 Qc7 18. f4 a5 19. c3 b5 20. Be3 b4 21. cxb4 axb4 22. a3 bxa3 23. Rxa3 Rxa3 24. bxa3 Qa5 25. a4 Qc3 26. Bf2 Qxb3 27. a5 Qa3 28. Be1 c5 29. dxc5 Nxc5 30. Ne2 Qe3+ 31. Bf2 Qxe2 32. Bxc5 Bf8 33. Bxf8 Kxf8 34. Qf6+ Kg8 35. Rb1 Qa6 36. Rb6 Qxa5 37. Rb1 Qc7 38. h4 Qe7 39. Rb8 Qa7+ 40. Kh2 Qxb8 41. h5 Qb7 42. hxg6 Qg7 43. gxh7+ Kxh7 44. Qh4+ Qh6 45. g3 Qxh4+ 46. gxh4 d4 47. Kg3 d3 48. Kf2 d2 49. Ke2 Rd8 50. Kd1 Bb3+ 0-1